Culture Générale - Série 1656 - Statistiques

Statistiques générales
  • Ce quiz a été pris 134 fois
  • Le résultat moyen est 6 sur 10
Statistiques - réponses
Question Réponse % Correct
Quand une conversation privée risque d'être entendue, on dit que "les murs ont des ... oreilles
98%
Quel dictateur italien, né en 1883, était appelé "Il Duce" ? Benito Mussolini
90%
Dans quel pays peut-on admirer la seule des Sept Merveilles du monde encore debout ? Égypte
90%
Comme son nom l'indique, à quelle partie du corps humain la "lippe" se rapporte-t-elle ? lèvre
78%
Comme son nom l'indique, à quel genre musical le célèbre festival de Juan-les-Pins est-il consacré depuis sa création, le 7 juillet 1960 ? jazz
75%
En économie, quel mot anglais signifiant "confiance" désigne une entreprise très puissante dominant tout un secteur d'activité ? trust
59%
En 1977, quel italien fait chavirer les coeurs avec sa chanson "Ti Amo" ? Umberto Tozzi
40%
En quelle année fut fondé le concours Lépine ? 1901
25%
Quel était le véritable prénom de Dalida ? Yolanda
25%
Sous quel surnom italien connaît-on Carlo Broschi, le plus célèbre des castrats du 18e siècle ? Farinelli
24%
Aucun quiz correspondant
Distribution des résultats
% des personnes avec chaque résultat
Percentile par nombre de réponses
Votre historique - résultats
Vous n’avez pas pris ce quiz